000 00368nam a2200145Ia 4500
008 230917s9999||||xx |||||||||||||| ||und||
040 _e156861
_aMAIN
041 _aEnglish
082 _a658.3 S15S
100 _aSadri, Jayashree
245 0 _aStrategic approach to human resource management
260 _aAhmedabad
_bJaico
_c2009
300 _a472 p.
942 _cBK
999 _c152700
_d152700